Composition analysis of ferrous and non ferrous alloys by polarographic technique (Record no. 323518)

000 -LEADER
fixed length control field 00400 a2200133 4500
001 - CONTROL NUMBER
control field 88445
082 ## - DEWEY DECIMAL CLASSIFICATION NUMBER
Classification number PR 660
090 ## - LOCALLY ASSIGNED LC-TYPE CALL NUMBER (OCLC); LOCAL CALL NUMBER (RLIN)
-- 41870
-- 41870
100 ## - MAIN ENTRY--PERSONAL NAME
Personal name Mohammad Shahid Latif
245 ## - TITLE STATEMENT
Title Composition analysis of ferrous and non ferrous alloys by polarographic technique
260 ## - PUBLICATION, DISTRIBUTION, ETC.
Place of publication, distribution, etc. Karachi
Name of publisher, distributor, etc. University of Karachi
Date of publication, distribution, etc. 1971
300 ## - PHYSICAL DESCRIPTION
Extent 125p.
Accompanying material Aziz Ahmed
500 ## - GENERAL NOTE
General note BE Project Reports
942 ## - ADDED ENTRY ELEMENTS (KOHA)
Institution code [OBSOLETE] University of Karachi
Call number prefix PR 660
Holdings
Withdrawn status Lost status Damaged status Not for loan Collection code Permanent Location Current Location Date acquired Total Checkouts Full call number Barcode Date last seen Price effective from Koha item type
          College of Aeronautical Engineering (CAE) College of Aeronautical Engineering (CAE) 04/03/2017   PR 660 CAEPR-660 04/05/2017 04/05/2017 Book
© 2023 Central Library, National University of Sciences and Technology. All Rights Reserved.